धर्मक्षेत्रे कुरूक्षेत्रे / (Record no. 12796)

MARC details
000 -LEADER
fixed length control field 01131 a2200217 4500
008 - FIXED-LENGTH DATA ELEMENTS--GENERAL INFORMATION
fixed length control field 081117t xxu||||| |||| 00| 0 hin d
010 ## - LCCN (DPL NO)
LC control number B-307332
020 ## - INTERNATIONAL STANDARD BOOK NUMBER
International Standard Book Number 8170558220
Terms of availability 125.00
035 ## - SYSTEM CONTROL NUMBER
System control number B-307332
037 ## - SOURCE OF ACQUISITION
Source of stock number/acquisition वाणी प्रका.
040 ## - CATALOGING SOURCE
Original cataloging agency dpl
Language of cataloging hn
082 ## - DEWEY DECIMAL CLASSIFICATION NUMBER
Classification number
100 ## - MAIN ENTRY--PERSONAL NAME
Personal name दूधनाथ सिंह
245 ## - TITLE STATEMENT
Title धर्मक्षेत्रे कुरूक्षेत्रे /
Statement of responsibility, etc दूधनाथ सिंह
260 ## - PUBLICATION, DISTRIBUTION, ETC. (IMPRINT)
Place of publication, distribution, etc नई दिल्ली
Name of publisher, distributor, etc वाणी प्रकाशन
Date of publication, distribution, etc 2001
270 ## - ADDRESS
Address 21-ए, दरियागंज
City दिल्ली
Postal code 110002
300 ## - PHYSICAL DESCRIPTION
Extent 136पृ.
Dimensions 22सेमी (सजिल्द)
942 ## - ADDED ENTRY ELEMENTS (KOHA)
Institution code [OBSOLETE] dpl
Item type Hindi Books
Call number prefix क / दूधना
Source of classification or shelving scheme Dewey Decimal Classification
Classification part
Call number suffix दूधना
Holdings
Withdrawn status Lost status Source of classification or shelving scheme Damaged status Not for loan Collection code Home library Current library Date acquired Source of acquisition Cost, normal purchase price Total Checkouts Full call number Barcode Date last seen Copy number Cost, replacement price Koha item type
    Dewey Decimal Classification     Fiction Shahdara Branch Shahdara Branch 17/11/2008 वाणी प्रका./221/4.10.08/713/4.9.08/10.11.08 125.00   क दूधना B-307332 17/11/2008 1 125.00 Hindi Books

© Delhi Public Library
Hit Counter
free hit counter